| 000 | 00701cam a2200217 a 4500 | ||
|---|---|---|---|
| 020 | _a9780896292086 (alk. paper) | ||
| 020 | _a0896292088 (alk. paper) | ||
| 040 | _cDNAL | ||
| 082 | 0 | 0 | _a635 INT 2013 C145 Or. |
| 245 | 0 | 0 |
_aSouthern African agriculture and climate change : _ba comprehensive analysis / |
| 250 | _a1st ed. | ||
| 260 |
_aWashington, D.C. : _bInternational Food Policy Research Institute, _cc2013. |
||
| 300 |
_axxx, 337 p. : _bill. (chiefly col.) ; _c23 cm. |
||
| 490 | 1 | _aClimate change in Africa ; | |
| 500 | _a"A peer-reviewed publication." | ||
| 650 | 0 | _aAgriculture | |
| 650 | 0 | _aClimatic changes | |
| 650 | 0 | _aFood crops | |
| 700 | 1 | _aHachigonta, Sepo. | |
| 942 | _cAEDBB | ||
| 999 |
_c18432 _d18432 |
||